Multiprog и UltraLogik- системы программирования промышленных контроллеров: учебное пособие

গ্রন্থ-পঞ্জীর বিবরন
প্রধান লেখক: Кангин В. В. Владимир Венедиктович
সংস্থা লেখক: Нижегородский государственный технический университет (НГТУ) Арзамасский политехнический институт (филиал)
অন্যান্য লেখক: Кангин М. В. Михаил Владимирович, Ямолдинов Д. Н. Дмитрий Николаевич
সংক্ষিপ্ত:Проведен обзор языков программирования промышленных контроллеров в стандарте ГЕС 61131-3. Рассмотрены все основные фазы разработки проекта на языке LD, входящего*в состав системы программирования Advantech Multiprog. Приведены сведения о языке программирования FBD системы программирования UltraLogik. Рассмотрены правила языка FBD, базовые типы объектов и его базовые операции.Рассмотрены основные аспекты практического программирования на языке FBD: установка функциональных блоков в программе, секции инициализации, циклы, ожидание и подсчет событий, фильтрация сигналов и др. Разработано в соответствии с государственным образовательным стандартом высшего профессионального образования по направлению подготовки бакалавров по специальности «Технология, оборудование и автоматизация машиностроительных производств». Учебное пособие может быть использовано при самостоятельной подготовке, а также в качестве конспекта лекций по теоретическому курсу.
Исключено из фонда НТБ ТПУ
ভাষা:রুশ
প্রকাশিত: Нижний Новгород, НГТУ, 2008
বিন্যাস: MixedMaterials গ্রন্থ
KOHA link:https://koha.lib.tpu.ru/cgi-bin/koha/opac-detail.pl?biblionumber=164315

MARC

LEADER 00000nam0a2200000 4500
001 164315
005 20231031161214.0
010 |a 9785932725313 
035 |a (RuTPU)RU\TPU\book\178268 
090 |a 164315 
100 |a 20090904d2008 m y0rusy50 ca 
101 0 |a rus 
102 |a RU 
105 |a a j 001zy 
200 1 |a Multiprog и UltraLogik- системы программирования промышленных контроллеров  |e учебное пособие  |f В. В. Кангин, М. В. Кангин, Д. Н. Ямолдинов 
210 |a Нижний Новгород  |c НГТУ  |d 2008 
215 |a 113 с.  |c ил. 
320 |a Библиогр.: с. 112. 
330 |a Проведен обзор языков программирования промышленных контроллеров в стандарте ГЕС 61131-3. Рассмотрены все основные фазы разработки проекта на языке LD, входящего*в состав системы программирования Advantech Multiprog. Приведены сведения о языке программирования FBD системы программирования UltraLogik. Рассмотрены правила языка FBD, базовые типы объектов и его базовые операции.Рассмотрены основные аспекты практического программирования на языке FBD: установка функциональных блоков в программе, секции инициализации, циклы, ожидание и подсчет событий, фильтрация сигналов и др. Разработано в соответствии с государственным образовательным стандартом высшего профессионального образования по направлению подготовки бакалавров по специальности «Технология, оборудование и автоматизация машиностроительных производств». Учебное пособие может быть использовано при самостоятельной подготовке, а также в качестве конспекта лекций по теоретическому курсу. 
333 |a Исключено из фонда НТБ ТПУ 
675 |a 681.326.7(075.8)  |v 3 
700 1 |a Кангин  |b В. В.  |g Владимир Венедиктович 
701 1 |a Кангин  |b М. В.  |g Михаил Владимирович 
701 1 |a Ямолдинов  |b Д. Н.  |g Дмитрий Николаевич 
712 0 2 |a Нижегородский государственный технический университет (НГТУ)  |b Арзамасский политехнический институт (филиал)  |c (2004- )  |2 stltpush  |3 (RuTPU)RU\TPU\col\15016 
801 1 |a RU  |b 63413507  |c 20090904 
801 2 |a RU  |b 63413507  |c 20210204  |g RCR 
942 |c BK